000
00251nam a2200097Ia 4500
001
655039
005
20250826154529.0
008
250824s9999 xx 000 0 und d
245
0
_a
Ruby Rogers Bu Dünyada Fazlalık mıyım?
_c
Sue Limb
260
_b
ALTIN
999
_c
655039
_d
655039